Statistics for Motor Trend's Import Car of the Year

Click here to take the quiz!

General Stats

  • This quiz has been taken 5 times
  • The average score is 7 of 25

Answer Stats

YearImport Car of the Year% Correct
1976Toyota Celica (ST, GT, & Liftback)
75%
1978Toyota Celica
75%
1980Honda Civic
75%
1994Honda Accord
50%
1985Toyota MR2
50%
1999Volkswagen New Beetle
25%
1998Lexus GS300
25%
1979Datsun 280ZX
25%
1983Mazda 626
25%
1984Honda Civic CRX
25%
1970Porsche 914
25%
1988Honda CRX Si
25%
1989Mitsubishi Galant GS
25%
1990Nissan 300ZX Turbo
25%
1992Lexus SC400
25%
1986 | 1993Mazda RX-7
25%
1997BMW 5-Series
25%
1991Mitsubishi 3000GT VR-4
0%
1982Toyota Celica Supra
0%
1981Mercedes-Benz 300SD
0%
1995Nissan Maxima
0%
1996Mercedes-Benz E-Class
0%
1977Mercedes-Benz 280E
0%
1987Acura Legend Coupe
0%

Score Distribution

Percentile by Number Answered

Percent of People with Each Score

Your Score History

You have not taken this quiz